Тепломассоперенос в условиях физико-химических превращений при зажигании жидких горючих и легковоспламеняющихся веществ типичными источниками нагрева с ограниченным теплосодержанием

Detalhes bibliográficos
Autor principal: Стрижак П. А. Павел Александрович
Autor Corporativo: Национальный исследовательский Томский политехнический университет (ТПУ)
Resumo:Деп. в ВИНИТИ 19.10.2011, № 460-В2011
В фонде НТБ ТПУ отсутствует
Idioma:russo
Publicado em: Томск, 2011
Assuntos:
Formato: Livro
KOHA link:https://koha.lib.tpu.ru/cgi-bin/koha/opac-detail.pl?biblionumber=599285

MARC

LEADER 00000nam0a2200000 4500
001 599285
005 20240222064833.0
029 0 0 |a RU  |b 460-В2011  |f ВИНИТИ 
035 |a (RuTPU)RU\TPU\tpu\23240 
035 |a RU\TPU\tpu\23239 
090 |a 599285 
100 |a 20130528j20111019k y0rusy50 ca 
101 0 |a rus 
102 |a RU 
105 |a y z 000zy 
200 1 |a Тепломассоперенос в условиях физико-химических превращений при зажигании жидких горючих и легковоспламеняющихся веществ типичными источниками нагрева с ограниченным теплосодержанием  |f П. А. Стрижак  |g Национальный исследовательский Томский политехнический университет (ТПУ) 
210 |a Томск  |d 2011 
215 |a 63 с.  |c ил. 
300 |a Деп. в ВИНИТИ 19.10.2011, № 460-В2011 
320 |a Библиогр.: 64 назв. 
333 |a В фонде НТБ ТПУ отсутствует 
610 1 |a труды учёных ТПУ 
610 1 |a депонированные рукописи 
700 1 |a Стрижак  |b П. А.  |c специалист в области теплоэнергетики  |c профессор Томского политехнического университета, доктор физико-математических наук  |f 1985-  |g Павел Александрович  |x TPU  |y Томск  |3 (RuTPU)RU\TPU\pers\25983  |9 11832 
712 0 2 |a Национальный исследовательский Томский политехнический университет (ТПУ)  |c (2009- )  |3 (RuTPU)RU\TPU\col\15902 
801 1 |a RU  |b 63413507  |c 20120220 
801 2 |a RU  |b 63413507  |c 20130528  |g RCR 
942 |c BK